Quiz logo club Ligue 1 24/25 - Statistiques

Statistiques générales
  • Ce quiz a été pris 274 fois
  • Le résultat moyen est 17 sur 18
Statistiques - réponses
Par images Réponse % Correct
OL
100%
PSG
100%
OM
99%
FC Nantes
97%
AS Monaco
96%
LOSC Lille
96%
RC Lens
96%
Stade Rennais
96%
Saint Etienne
93%
FC Toulouse
92%
OGC Nice
92%
Stade Brestois
92%
SCO Angers
89%
Stade de Reims
89%
AJ Auxerre
88%
RC Strasbourg
88%
SC Montpellier
85%
AC Le Havre
83%
Aucun quiz correspondant
Distribution des résultats
% des personnes avec chaque résultat
Percentile par nombre de réponses
Votre historique - résultats
Vous n’avez pas pris ce quiz